[Event "Edmonton-ch"]
[Site "Edmonton"]
[Date "2015.01.15"]
[Round "1.2"]
[White "Majaducon, Willy"]
[Black "Pechenkin, Vladimir"]
[Result "0-1"]
[WhiteElo "1920"]
[BlackElo "2304"]
[PlyCount "96"]
[EventDate "2015.01.08"]
[EventType "k.o."]
[EventRounds "3"]
[EventCountry "CAN"]
[SourceTitle "EXT 2019"]
[Source "ChessBase"]
[SourceDate "2018.10.10"]
[SourceVersion "1"]
[SourceVersionDate "2018.10.10"]
[SourceQuality "1"]

1. d4 e6 2. c4 f5 3. g3 Nf6 4. Bg2 c6 5. Nc3 d5 6. c5 b6 7. cxb6 axb6 8. Nf3 Bd6 9. Ne5 0-0 10. 0-0 Ba6 11. Re1 c5 12. e3 Nbd7 13. f4 Ne4 14. Nxe4 fxe4 15. Bh3 Qe7 16. Qh5 Nxe5 17. dxe5 Bc7 18. Bd2 Bd3 19. a3 g6 20. Qh6 b5 21. Rec1 Bb6 22. Be1 Rfe8 23. g4 c4 24. Bf2 Qg7 25. Qh4 g5 26. Qxg5 Qxg5 27. fxg5 Bd8 28. Bg2 Bxg5 29. h4 Be7 30. Bh3 Bc5 31. g5 Kf7 32. Bg4 Rg8 33. Kh2 Ke7 34. Rg1 Raf8 35. Rg2 Rxf2 36. Rxf2 Bxe3 37. Rf6 Rg6 38. a4 b4 39. a5 Bd4 40. Rxg6 hxg6 41. a6 Ba7 42. h5 gxh5 43. Bxh5 c3 44. bxc3 b3 45. Ra3 b2 46. Rb3 b1Q 47. Rb7+ Qxb7 48. axb7 Bb8 0-1

[Event "Edmonton-ch"]
[Site "Edmonton"]
[Date "2015.01.08"]
[Round "1.1"]
[White "Pechenkin, Vladimir"]
[Black "Majaducon, Willy"]
[Result "1-0"]
[WhiteElo "2304"]
[BlackElo "1920"]
[PlyCount "51"]
[EventDate "2015.01.08"]
[EventType "k.o."]
[EventRounds "3"]
[EventCountry "CAN"]
[SourceTitle "EXT 2019"]
[Source "ChessBase"]
[SourceDate "2018.10.10"]
[SourceVersion "1"]
[SourceVersionDate "2018.10.10"]
[SourceQuality "1"]

1. c4 c5 2. g3 g6 3. Bg2 Bg7 4. Nc3 Nc6 5. Nf3 Nf6 6. d4 cxd4 7. Nxd4 Qb6 8. Nc2 0-0 9. 0-0 d6 10. b3 a6 11. h3 Qa5 12. Bd2 Qh5 13. e4 Qxd1 14. Raxd1 Rb8 15. Nd5 b5 16. cxb5 axb5 17. Ncb4 Nxb4 18. Nxe7+ Kh8 19. Bxb4 Ne8 20. Nxc8 Rxc8 21. Rc1 Rb8 22. Rfd1 Rb6 23. f4 Bf6 24. e5 Be7 25. Rc6 Rxc6 26. Bxc6 1-0

[Event "Edmonton Reserves"]
[Site "Edmonton"]
[Date "2014.06.28"]
[Round "1"]
[White "Majaducon, Willy"]
[Black "Rekhson, Vladislav"]
[Result "0-1"]
[WhiteElo "1882"]
[BlackElo "2272"]
[PlyCount "84"]
[EventDate "2014.06.28"]
[EventType "swiss"]
[EventRounds "5"]
[EventCountry "CAN"]
[SourceTitle "EXT 2022"]
[Source "ChessBase"]
[SourceDate "2021.10.06"]
[SourceVersion "1"]
[SourceVersionDate "2021.10.06"]
[SourceQuality "1"]

1. d4 Nf6 2. Nf3 e6 3. e3 c5 4. Bd3 Nc6 5. a3 b6 6. b3 Bb7 7. Bb2 Be7 8. 0-0 Rc8 9. c4 0-0 10. Nbd2 d5 11. Rc1 h6 12. Ne5 cxd4 13. Nxc6 Bxc6 14. exd4 Bb7 15. Nf3 Rc7 16. Ne5 Qa8 17. f3 Rd8 18. g4 dxc4 19. bxc4 Nd7 20. f4 Nxe5 21. fxe5 Bg5 22. Rc2 Be3+ 23. Rff2 Bf3 24. Qf1 Bxg4 25. d5 exd5 26. e6 d4 27. h3 Bxe6 28. Kh2 Qb8 29. Kh1 Bxf2 30. Rxf2 Rc5 31. Qg2 Rg5 32. Qe4 Qa8 33. Qxa8 Rxa8 34. Kh2 Rc8 35. Rf4 Bxc4 36. Bf5 Bd5 37. h4 Rg2+ 38. Kh3 Rc4 39. Bxd4 Rd2 40. Be5 Rxf4 41. Bxf4 Ra2 42. Bd6 Be6 0-1